Περί δικαιωμάτων και ποινών

Saved in:
Bibliographic Details
Main Author: Beccaria, Cesare, marchese di, 1738-1794
Other Authors: Κοραής, Αδαμάντιος, 1748-1833 (Translator, Author of introduction, etc.), Κουράκης, Νέστωρ Ε., 1947- (Author of introduction, etc.)
Format: Book
Language:Greek
Italian
Published: Αθήνα : Νομική Βιβλιοθήκη, [19--].
Series:Βιβλιοθήκη εγκληματολογίας ; 3
Subjects:
Tags: Add Tag
No Tags, Be the first to tag this record!

MARC

LEADER 00000cam a2200000 i 4500
001 1/67550
008 071213q19uu gr | ||| |||| ||gre||
035 |l 10093076 
040 |a GR-MyUA  |b gre  |e AACR2 
041 1 |a gre  |h ita 
082 0 |a 345  |2 (22) 
100 1 |a Beccaria, Cesare,   |c marchese di,   |d 1738-1794. 
245 1 0 |a Περί δικαιωμάτων και ποινών /   |c Cesare Beccaria ; μετάφραση, προλεγόμενα, σημειώσεις και ευρετήριο, Αδαμαντίου Κοραή ; εισαγωγικό σημείωμα, Νέστορα Ε. Κουράκη.  
260 |a Αθήνα :   |b Νομική Βιβλιοθήκη,   |c [19--].  
300 |a 350 σ. ;   |c 21 εκ.  
490 1 |a (Βιβλιοθήκη - Εγκληματολογίας   |v ; 3)  
500 |a Τίτλος πρωτοτύπου: Dei delitti e delle pene.  
504 |a Περιέχει βιβλιογραφικές παραπομπές και ευρετήριο.  
650 0 0 |a Criminal law. 
650 0 0 |a Punishment. 
650 0 0 |a Crimes and criminals. 
650 0 0 |a Capital punishment. 
700 1 |a Κοραής, Αδαμάντιος,   |d 1748-1833,  |e trl  |e aui 
700 1 |a Κουράκης, Νέστωρ Ε.,   |d 1947-  |e aui 
830 0 |a Βιβλιοθήκη εγκληματολογίας ;  |v  3 
852 |a INST  |b LESVOS  |e 20071213  |h 345 BEC  |p 005100040424  |q 005100040424  |t BK  |y 0 
901 |a BIBL1-2007-3 
909 |a Λ  |b 142184 
922 |a 1ΕΛΗ  |b 200711  |c ΕΠΕΑΕΚ2/ΤΚ  |d Σ. ΠΑΤΑΚΗΣ 
970 |a ΚΑΡΑ  |b ΓΙΑΣΕΜΗ  |z 2007/12/13